| 000 | 00434nam a2200181Ia 4500 | ||
|---|---|---|---|
| 001 | 19298 | ||
| 005 | 20260306172643.0 | ||
| 008 | 260306t1999||||xx |||||||||||||| ||spa|| | ||
| 041 | _aESP | ||
| 082 |
_a658.83 _bM12 |
||
| 100 |
_aMcdaniel, Carl _eAUT |
||
| 245 | 0 | _aInvestigación de mercados contemporánea | |
| 260 | _c1999 | ||
| 300 |
_av.s páginas : _c26 cm. |
||
| 650 | _aGEN | ||
| 654 | _aCAN | ||
| 942 |
_cLIB _dJUS _fJUS _2ddc _n |
||
| 999 |
_c19298 _d19298 |
||